| 000 | 00739nam a2200241 i 4500 | ||
|---|---|---|---|
| 001 | 135001 | ||
| 003 | ES-MaACL | ||
| 005 | 20250814230842.0 | ||
| 007 | t| | ||
| 008 | 070705s1965 sp ||||1| spa d | ||
| 080 | _a33(081) | ||
| 100 | 1 |
_aTinbergen, Jan. _9110303 |
|
| 245 | 1 | 0 |
_aEnsayos de teoría económica / _cJan Tinbergen ; [traducción de Julio Cerón y Juan Gerona]. |
| 260 |
_aMadrid : _bTecnos, _c1965. |
||
| 300 |
_a371 p. ; _c24 cm. |
||
| 490 | 1 |
_aCiencias sociales ; _v42 |
|
| 650 | 1 | 7 |
_aEconomía _2embne _912006 |
| 700 | 1 |
_aCerón, Julio. _937544 |
|
| 700 | 1 |
_aGerona Peña, Juan. _956489 |
|
| 830 | 0 | 0 |
_aCiencias sociales _v42 _9177859 |
| 852 |
_aES-MaACL _jC-26721 _bR.55800 |
||
| 999 |
_c135001 _d135001 |
||